000 00595nam a2200181 i 4500
001 68198
003 ES-MaACL
007 t|
008 040611s1975 sp ||||1| spa d
100 1 _aGarci-Gómez, Miguel.
_953989
245 1 0 _aMio Cid
_b: estudios de endocrítica /
_cMiguel Garci-Gómez.
260 _aBarcelona :
_bPlaneta,
_c[1975]
300 _a323 p. ;
_c21 cm.
490 1 _aEnsayos / Planeta de lingüística y crítica literaria ;
_v44
830 0 _aEnsayos / Planeta de lingüística y crítica literaria ;
_v44
_9187215
852 _aES-MaACL
_jL-6144
999 _c68198
_d68198